000 01119cam a2200265 i 4500
999 _c58095
_d58095
001 18546834
005 20221107114204.0
008 150327s2016 maua b 000 0 eng
020 _a9781284043075 1
041 _aeng
080 _a616.89-008.434 G-45
100 _aGillam, Ronald B.
_910707
245 0 0 _aCommunication sciences and disorders :
_bfrom science to clinical practice /
_cRonald B. Gillam, PhD, Thomas P. Marquardt, PhD.
250 _aThird edition.
264 1 _aBurlington, MA :
_bJones & Bartlett Learning,
_c2016.
300 _a475 pages :
_billustrations ;
_c24 cm.
653 _aКоммуникационные науки и расстройства
653 _aკომუნიკაციის მეცნიერებები და დარღვევები
653 _aკომუნიკაციის დარღვევები
653 _aКоммуникативные расстройства
653 _aმედიცინა
653 _aМедицина
700 1 _aMarquardt, Thomas P.,
_eავტორი
_912037
942 _2udc
_cBK